000
00320nam a2200133Ia 4500
005
20251222155104.0
008
251222s9999||||xx |||||||||||||| ||spa||
082
_a
ANT.12
100
_a
AGÜERO JURADO Gottardo.
245
0
_a
El Médico Sanitario de los Andes
250
_a
No ed.
264
_b
No tiene
942
_c
LIB
999
_c
37772
_d
37772